000 01072 a2200229 4500
001 23019
005 20260407155520.0
008 260407a1974 arg spa d
003 AR-UNSa-BCEJYS
040 _aAR-UNSa-BCEJYS
_bspa
_cAR-UNSa-BCEJYS
080 _a330
_xEconomía en general
245 1 0 _aIntroducción a la economía positiva
020 _a978-84-316-1108-8
250 _a9a. ed.
264 1 _aBarcelona :
_bVicens-Vives
_c1974
300 _axxx, 829 p.
_c22 cm.
505 _aParte I: Objeto y método - Parte II:La teoría elemental del precio - Parte III: La teoría de la demanda - Parte IV: La teoria intermedia de la oferta - Parte V: Teoría de la Distribución - Parte VI: La economía en su conjunto - Parte VII: El flujo circular de la renta - Parte VIII: La importancia del dinero en el flujo circular - Parte IX: La economía internacional - Parte X: Crecimiento económico - Parte XI: Politica Macroeconomica.
942 _cBK
590 _aniveau_biblio:m niveau_hierar:0
100 1 _aLipsey, Richard G.
700 1 _aHortalá Arau, Juan
999 _c1083
_d1083